1716 1236 1774 1299 1840 1314 1223 1683 1121 1168 1606 1405 1674 1348 1593 1926 1244 1103 1528 1740 1501 1032 1783 1354 1027 1560 1495 1760 1446 1132 1256 1349 1220 1518 1854 1115 1311 1079 1863 1999 1957 1522 1524 1620 1389 1009 1811 1145 1810 1779 1922 1018 1042 1327 1532 1795 1884 1939 1598 1377 1310 1633 1745 1151 1442 1218 1824 1597 1334 1771 1249 1353 1883 1541 1850 1468 1305 1280 1880 1604 1361 1686 1057 1051 1207 1257 1388 1591 1902 1751 1049 1912 1320 1404 1624 1521 1830 1170 1490 BCNSPRNW ULIB Ver.6.0+V

เปลี่ยนเป็นภาษาไทย

Change to English
 แสดงรายละเอียดบรรณานุกรม
  กลับหน้าหลัก

Brief Record : Get Marc (ISO 2709) : E-mail record : QR code < ปิดหน้าต่าง
LEADER : 00000nam 2200000uu 4500
001    13399126832
003     ULIB
008    020711s2561 th a 000 0 tha d
060    วจ.^aWY160^bส356ผ
100    ^aสรินดา น้อยสุข
245    ^aผลของโปรแกรมการเสริมสร้างพลังอำนาจต่อภาระการดูแลของผู้ดูแลผู้ป่วยจิตเภท
260    ^aนครสวรรค์ :^bโรงพยาบาลจิตเวชนครสวรรค์ราชนครินทร์ กรมสุขภาพจิต กระทรวงสาธารณสุข,^c2561
300    ^a74 หน้า;^b29 ซม.
650    ^aจิตเภท
650    ^aการพยาบาล
945    ^p0^l0^i005492
999    ^aอังศุธร กาญจนาโรจน์พันธ์
รายการนี้ยังไม่มีแท็ก
คุณยังไม่ได้ล็อกอิน คุณสามารถมีกิจกรรมร่วมกับเว็บไซต์ได้ แต่ต้องล็อกอินก่อน ::
  ล็อกอิน

รายการสื่อสารสนเทศ

ลำดับที่ ประเภท เลขเรียก/บาร์โค้ด สถานที่ สถานะ
1. Book การพยาบาล
Book การพยาบาล
วจ. WY160 ส356ผ ฉ.1 
  Barcode: 005492
ห้องสมุดวิทยาเขตสวรรค์ประชารักษ์
►หนังสือทั่วไป
บนชั้น

รายการใกล้เคียง
    หัวเรื่อง [จิตเภท]
    หัวเรื่อง [การพยาบาล]

BibComment


ยังไม่เคยถูกคอมเมนท์

คอมเมนท์ทรัพยากรรายการนี้
  คอมเมนท์: ผลของโปรแกรมการเ..


 Copyright 2026. Bcnsprnw @Library